000 00498nam a2200181Ia 4500
008 090124s9999 xx 000 0 und d
082 _b9567
100 _aगोवरीकर दीपा
245 _a तडा
250 _a0
260 _bश्री विशाखा प्रकाशन
_c1977
300 _a110
600 _aगोवरीकर दीपा
630 _a तडा
700 _aगोवरीकर दीपा
730 _a तडा
942 _cBOOK
999 _c85899
_d85899